000 00533nam a2200193Ia 4500
003 STCL
008 221019s9999 xx 000 0 und d
020 _a9789353900946
040 _aSTCL
_cSTCL
_bEN
082 _222
100 _aRaman, Pramod
245 0 _aബാബ്‌റി മസ്ജിദിൽ പക്ഷികൾ അണയുന്നു
246 _aBabri masjidil pakshikal anayunnu
260 _bD C Books
_aKottayam
_c2019
300 _a112 p
365 _b125
546 _aMalayalam
942 _cBK
_2DDC
_e22
999 _c88396
_d88396